LEADER 01589nam a2200337 a 4500 001 000000137651 003 CaOOAMICUS 005 20140310143810.0 008 140310s2013 it u000 u ita r 020 $a978-88-598-0922-7 040 $aPUL$bita 082 04$a346.4507 245 00$aArbitrato :$bprofili di diritto sostanziale e di diritto processuale /$ca cura di Guido Alpa e Vincenzo Vigoriti. 260 $aTorino :$bUTET Giuridica ;$aMilanofiori Assago :$bWolters Kluwer,$c©2013. 300 $aXXXII, 1518 p. ;$c25 cm. 490 1 $aNuova giurisprudenza di diritto civile e commerciale 500 $aSulla cop.: Diritto dell'arbitrato. 504 $aBibliografia in nota. 650 4$aArbitrato.$0(OLS)http://pul/subject/20108 700 1 $aAlpa, Guido.$0(OLS)http://pul/name/5977 700 1 $aVigoriti, Vincenzo.$0(OLS)http://pul/name/88765 830 0$aNuova giurisprudenza di diritto civile e commerciale.$0(OLS)http://pul/title/142570 850 $aPUL 852 $aPUL$W1$xSL Diritto e Scienze Sociali 3$y79$m346. 4507 ALPGU 1$j158675$qDDC 21$B158201$CPULBib$Z2$F158201 $H123595 $82 941 1 $a9 996 $6020$a978-88-598-0922-7$9(OLS)http://pul/number/154716 996 $6082$a346.4507$9(OLS)http://pul/classification/1803 996 $6245$aArbitrato :$bprofili di diritto sostanziale e di diritto processuale$9(OLS)http://pul/title/174276 996 $6260$aTorino :$bUTET Giuridica$9(OLS)http://pul/publisher/79191 996 $6260$aMilanofiori Assago :$bWolters Kluwer$9(OLS)http://pul/publisher/81463 LEADER 01485nam a2200337 u 4500 001 000000075870 003 CaOOAMICUS 005 20070226123140.0 008 031023s1998 enkaf u000 u eng u 020 $a0198269811 035 $a10974045 040 $aPUL$bita 041 0 $aeng$aheb 100 1 $aAlexander, Philip S.$0(OLS)http://pul/name/50472 245 10$aQumran cave 4.$nXIX,$pSerek Ha-Yahad and two related texts /$cby Philip S. Alexander and Geza Vermes. 246 3 $aSerek Ha-Yahad and two related texts 260 $aOxford :$bClaredon,$c1998. 300 $axvii, 253 p., 246 p. di tav. :$bill. ;$c32 cm 490 1 $aDiscoveries in the Judaean desert ;$v26 500 $aComprende indici. 504 $aBibliografia in nota. 630 04$aManoscritti del Mar Morto.$0(OLS)http://pul/subject/3175 700 1 $aVermès, Géza,$d1924-$0(OLS)http://pul/name/7508 830 0$aDiscoveries in the Judaean desert ;$v26.$0(OLS)http://pul/title/3069 850 $aPUL 852 $aPUL$W1$xSL Cons. Gen., Altre Classi 1$y1$m1393 F 26$j97537$nBK-PRI$b $qStampati$B97537$CPULBib$Z2$F97537 $H92409 $81 941 1 $a8 996 $6020$a0198269811$9(OLS)http://pul/number/99269 996 $6245$aQumran cave 4.$nXIX,$pSerek Ha-Yahad and two related texts$9(OLS)http://pul/title/99522 996 $6246$aSerek Ha-Yahad and two related texts$9(OLS)http://pul/title/99523 996 $6260$aOxford :$bClaredon$9(OLS)http://pul/publisher/64501